000 00317nam a2200133Ia 4500
008 191201s2012 xx 000 0 und d
100 _aGHOSH, Amitabha
245 0 _aTheory of Mechanisis and Machines
250 _aRep
260 _aN. Delhi
_bE.W.P
_c2012
300 _a630
650 _aB.Tech(ME)
942 _2ddc
_cBK
999 _c5703
_d5703